| 000 | 00694cam a2200217 a 4500 | ||
|---|---|---|---|
| 001 | 000006419 | ||
| 005 | 20200929153929.0 | ||
| 008 | 920416s1969 mx 001 f spa | ||
| 040 |
_aDO-SdBNP _cDLC |
||
| 082 |
_aM863.4 _bM189r |
||
| 100 | 1 |
_aMagdaleno, Mauricio. _q(Mauricio Magdaleno Cardona), _d1906-1986. _917832 |
|
| 245 | 1 | 3 |
_aEl resplandor / _cMauricio Magdaleno. |
| 246 | 3 | _aResplandor | |
| 260 |
_aMéxico : _bDiana, _c1969. |
||
| 300 |
_a289 p. ; _c22 cm. |
||
| 490 | 1 |
_aNovelistas mexicanos _vno. 12 |
|
| 650 | 4 |
_aNovela mexicana _93959 |
|
| 650 | 4 |
_aLiteratura mexicana _ySIGLO XXI _916596 |
|
| 830 | 0 |
_aNovelistas mexicanos ; _vno. 12 _917833 |
|
| 910 | _aCatalogación por copia / LC | ||
| 999 |
_c6214 _d6214 |
||